เปลี่ยนเป็นภาษาไทย

Change to English
 แสดงรายละเอียดบรรณานุกรม
  กลับหน้าหลัก

Brief Record : Get Marc (ISO 2709) : E-mail record : QR code กลับ
E-books : เกี่ยวกับ Collections
LEADER 00000nam a2200000 a 4500
001    13399128507
003     BCNR
008    981215s2567 th a 000 0 tha d
020    ^a9786162963063
041    ^atha
060 04 ^aWP141^bน927 2567
245 10 ^aแนวทางการซักประวัติทางสูตินรีเวชวิทยาสำหรับแพทย์เวชปฏิบัติทั่วไป =^bOB & GYN history taking for general practitioners /^cธารางรัตน์ หาญประเสริฐพงษ์ และ ณัฐพร จันทร์ดียิ่ง, บรรณาธิการ
246 30 ^aOB & GYN history taking for general practitioners
250    ^aพิมพ์ครั้งที่ 1
260    ^aนครนายก :^bภาควิชาสูติศาสตร์-นรีเวชวิทยา คณะแพทยศาสตร์ มหาวิทยาลัยศรีนครินทรวิโรฒ,^c2567
300    ^a150 หน้า ;^c21 ซม
504    ^aบทที่ 1 ซักประวัติฝากครรภ์ครั้งแรก -- บทที่ 2 ซักประวัติตรวจติดตามการตั้งครรภ์ -- บทที่ 3 ซักประวัติหญิงตั้งครรภ์เลือดออกผิกปกติ ไตรมาสที่ 1 -- บทที่ 4 ซักประวัติหญิงตั้งครรภ์เลือดออกผิกปกติ ไตรมาสที่ 2 และ 3 -- บทที่ 5 ซักประวัติหญิงตั้งครรภ์แรกรับที่ห้องคลอด -- บทที่ 6 ซักประวัติหญิงขาดประจำเดือน -- บทที่ 7 ซักประวัติหญิงพบก้อนบริเวณท้องน้อย -- บทที่ 8 ซักประวัติหญิงปวดท้องน้อย -- บทที่ 9 ซักประวัติตรวจติดตามการตั้งครรภ์ตกขาวผิดปกติ -- บทที่ 10 ซักประวัติสตรีมีเลือดออกผิดปกติจากมดลูก -- บทที่ 11 ซักประวัติหญิงต้องการคุมกำเนิด
650  2 ^aPregnancy
650  2 ^aPatients^xhistory
650  2 ^aGenital Diseases, Female^xdiagnosis
650  4 ^aการซักประวัติผู้ป่วย
650  4 ^aการตรวจร่างกาย
650  4 ^aอวัยวะสืบพันธุ์หญิง, โรค^xการวินิจฉัย
650  4 ^aนรีเวชวิทยา
700 0  ^aธารางรัตน์ หาญประเสริฐพงษ์,^eบรรณาธิการ
700 0  ^a^aณัฐพร จันทร์ดียิ่ง,^eบรรณาธิการ
710 2  ^aมหาวิทยาลัยศรีนครินทรวิโรฒ. ^bคณะแพทยศาสตร์.^bภาควิชาสูติศาสตร์-นรีเวชวิทยา
999    ^aบรรณารักษ์
รายการนี้ยังไม่มีแท็ก
คุณยังไม่ได้ล็อกอิน คุณสามารถมีกิจกรรมร่วมกับเว็บไซต์ได้ แต่ต้องล็อกอินก่อน ::
  ล็อกอิน
ลำดับที่ ประเภท เลขเรียก/บาร์โค้ด สถานที่ สถานะ
1. หนังสือ
หนังสือ
WP141 น927 2567 c.1 
  Barcode: 086003
ห้องสมุดสาขาหลัก
►หนังสือทั่วไป
On Shelf
2. หนังสือ
หนังสือ
WP141 น927 2567 c.2 
  Barcode: 086004
ห้องสมุดสาขาหลัก
►หนังสือทั่วไป
On Shelf
3. หนังสือ
หนังสือ
WP141 น927 2567 c.3 
  Barcode: 086005
ห้องสมุดสาขาหลัก
►หนังสือทั่วไป
On Shelf
4. หนังสือ
หนังสือ
WP141 น927 2567 c.4 
  Barcode: 087880
ห้องสมุดสาขาหลัก
►หนังสือทั่วไป
On Shelf
5. หนังสือ
หนังสือ
WP141 น927 2567 c.5 
  Barcode: 087881
ห้องสมุดสาขาหลัก
►หนังสือทั่วไป
On Shelf
6. หนังสือ
หนังสือ
WP141 น927 2567 c.6 
  Barcode: 087882
ห้องสมุดสาขาหลัก
►หนังสือทั่วไป
On Shelf
7. หนังสือ
หนังสือ
WP141 น927 2567 c.7 
  Barcode: 087883
ห้องสมุดสาขาหลัก
►หนังสือทั่วไป
On Shelf
8. หนังสือ
หนังสือ
WP141 น927 2567 c.8 
  Barcode: 087884
ห้องสมุดสาขาหลัก
►หนังสือทั่วไป
On Shelf
9. หนังสือ
หนังสือ
WP141 น927 2567 c.9 
  Barcode: 087885
ห้องสมุดสาขาหลัก
►หนังสือทั่วไป
On Shelf
10. หนังสือ
หนังสือ
WP141 น927 2567 c.10 
  Barcode: 087886
ห้องสมุดสาขาหลัก
►หนังสือทั่วไป
On Shelf
   [แสดง 10/10 รายการ]

รายการใกล้เคียง
    หัวเรื่อง [Pregnancy]
    หัวเรื่อง [การซักประวัติผู้ป่วย]
    หัวเรื่อง [การตรวจร่างกาย]
    หัวเรื่อง [นรีเวชวิทยา]

BibComment


ยังไม่เคยถูกคอมเมนท์

คอมเมนท์ทรัพยากรรายการนี้
  คอมเมนท์: แนวทางการซักประว..
Bib 13399128507

 
 
 

 Union Library Management : ULibM
Copyright 2026. All Rights Reserved.